00883nam a2200241 i 4500003000900000005001700009007000300026008004100029020001800070040003000088082001400118100003500132245015000167264006600317300002600383336002700409337003400436338002800470490002300498490001800521500007200539504003000611DO-SdBNP20250610082450.0ta221031b2020 dr ||||er ||| 00| 0 spa d a9789945925173 aDO-SdBNPbspacBNPHUerda 4222bC582s aCivolani Hischnjakow, Katerina10aSeguridad ciudadana y convivencia en República Dominicana :buna aproximación desde la construcción de paz /cKaterina Civolani Hischnjakow 1aSanto Domingo :bFundación Friedrich Ebert Stiftung,c2020. a15 páginas c30 cm. 2rdacontentatextobtxt 2rdamediaasin mediación bn 2rdacurrieravolumenbnc1 aPaz y seguridad ; 1 aAnálisis ;  aIncluye datos biográficos de la autora en la última página.  aBibliografía : p. 14-15